MARC details
| 000 -CABECERA |
| campo de control de longitud fija |
01164nam a2200241 a 4500 |
| 001 - NÚMERO DE CONTROL |
| campo de control |
000036085 |
| 003 - IDENTIFICADOR DEL NÚMERO DE CONTROL |
| campo de control |
DO-SdBNP |
| 005 - FECHA Y HORA DE LA ÚLTIMA TRANSACCIÓN |
| campo de control |
20250414130118.0 |
| 008 - DATOS DE LONGITUD FIJA--INFORMACIÓN GENERAL |
| campo de control de longitud fija |
111129s1993 dr ac 000 0 spa d |
| 020 ## - NÚMERO INTERNACIONAL ESTÁNDAR DEL LIBRO |
| Número Internacional Estándar del Libro |
8479521147 |
| 040 ## - FUENTE DE LA CATALOGACIÓN |
| Centro catalogador/agencia de origen |
DO-SdBNP |
| Lengua de catalogación |
spa |
| Centro/agencia transcriptor |
BNPHU |
| Normas de descripción |
rda |
| 082 #4 - NÚMERO DE LA CLASIFICACIÓN DECIMAL DEWEY |
| Número de clasificación |
246 |
| Número de documento/Ítem |
C957p |
| 100 1# - ENTRADA PRINCIPAL--NOMBRE DE PERSONA |
| Nombre de persona |
Cruz Valdovinos, José Manuel |
| 9 (RLIN) |
62118 |
| 245 13 - MENCIÓN DE TÍTULO |
| Título |
La platería de la Catedral de Santo Domingo primada de américa / |
| Mención de responsabilidad, etc. |
José Manuel Cruz Valdovinos, Andrés Escalera Ureña; editado por Eugenio Pérez Montás. |
| 260 ## - PUBLICACIÓN, DISTRIBUCIÓN, ETC. |
| Lugar de publicación, distribución, etc. |
Santo Domingo : |
| Nombre del editor, distribuidor, etc. |
Patronato de la Ciudad Colonial de Santo Domingo ; |
| -- |
Oficina de la Obra y Museos de la Catedral Metropolitana de Santa María de la Encarnación; |
| -- |
Museo de las Casas Reales, |
| Fecha de publicación, distribución, etc. |
1993. |
| 300 ## - DESCRIPCIÓN FÍSICA |
| Extensión |
332 p. : |
| Otras características físicas |
il., retrs. ; |
| Dimensiones |
29 cm. |
| 490 1# - MENCIÓN DE SERIE |
| Mención de serie |
Quinto Centenario. Serie Catedral Primada |
| 610 20 - PUNTO DE ACCESO ADICIONAL DE MATERIA--NOMBRE DE ENTIDAD CORPORATIVA |
| Nombre de entidad corporativa o nombre de jurisdicción como elemento de entrada |
Catedral de Santo Domingo (República Dominicana) |
| Subdivisión general |
Objetos litúrgicos |
| Subdivisión geográfica |
República Dominicana |
| -- |
Santo Domingo |
| Subdivisión de forma |
Catálogos. |
| 9 (RLIN) |
87444 |
| 700 1# - PUNTO DE ACCESO ADICIONAL--NOMBRE DE PERSONA |
| Nombre de persona |
Escalera Ureña, Andrés |
| 9 (RLIN) |
62119 |
| 700 1# - PUNTO DE ACCESO ADICIONAL--NOMBRE DE PERSONA |
| Nombre de persona |
Pérez Montás, Eugenio; |
| Término indicativo de función/relación |
ed. |
| 9 (RLIN) |
13156 |
| 830 #0 - PUNTO DE ACCESO ADICIONAL DE SERIE-TÍTULO UNIFORME |
| Título uniforme |
Quinto Centenario. Serie Catedral Primada |
| 9 (RLIN) |
62120 |
| 942 ## - ELEMENTOS DE PUNTO DE ACCESO ADICIONAL (KOHA) |
| Fuente del sistema de clasificación o colocación |
Dewey Decimal Classification |
| Tipo de ítem Koha |
Libro |